Music Quiz

Random Music or Album Quiz

Luke Bryan albums 2007-2015 Quiz Stats

 Plays Quiz not verified by Sporcle

Challenge
Share
Tweet
Embed
Score 0/62 Timer 20:00
0 Plays Today
Hint Answer % Correct
Kill the LightsKill the Lights
95.8%
Crash my PartyCrash my Party
91.7%
I'll Stay MeI'll Stay Me
83.3%
Doing my ThingDo I
83.3%
Crash my PartyI See You
83.3%
I'll Stay MeAll my Friends Say
79.2%
Crash my PartyDrink a Beer
79.2%
Kill the LightsStrip it Down
79.2%
Kill the LightsMove
79.2%
Doing my ThingRain is a Good Thing
75%
Tailgates and TanlinesDrunk on You
75%
I'll Stay MeThe Car in Front of Me
70.8%
I'll Stay MeWe Rode in Trucks
70.8%
Doing my ThingDoing my Thing
70.8%
Tailgates and TanlinesI Don't Want this Night to End
70.8%
Crash my PartyPlay it Again
70.8%
Kill the LightsHome Alone Tonight
70.8%
Kill the LightsFast
70.8%
I'll Stay MeBaby's on the Way
66.7%
Doing my ThingSomeone Else Calling you Baby
66.7%
Doing my ThingI Did It Again
66.7%
Tailgates and TanlinesCountry Girl (Shake it for Me)
66.7%
Crash my PartyRoller Coaster
66.7%
Crash my PartyWe Run This Town
66.7%
Kill the LightsHunting Fishing and Loving Everyday
66.7%
I'll Stay MePray about Everything
62.5%
I'll Stay MeCountry Man
62.5%
Doing my ThingWhat Country Is
62.5%
Doing my ThingWelcome to the Farm
62.5%
Doing my ThingEvery Time I See You
62.5%
Tailgates and TanlinesKiss Tomorrow Goodbye
62.5%
Hint Answer % Correct
Crash my PartyThat's my Kinda Night
62.5%
Crash my PartyBeer in the Headlights
62.5%
Crash my PartyGoodbye Girl
62.5%
Crash my PartyDirt Road Diary
62.5%
Kill the LightsKick the Dust Up
62.5%
Kill the LightsRazor Blade
62.5%
Kill the LightsScarecrows
62.5%
I'll Stay MeOver the River
58.3%
I'll Stay MeYou Make me Want To
58.3%
I'll Stay MeTackle Box
58.3%
Doing my ThingApologize
58.3%
Doing my ThingChugging Along
58.3%
Doing my ThingDrinking Beer and Wasting Bullets
58.3%
Crash my PartyShut it Down
58.3%
Kill the LightsJust Over
58.3%
Kill the LightsLove it Gone
58.3%
Kill the LightsTo the Moon and Back
58.3%
I'll Stay MeMy First Love Song
54.2%
Tailgates and TanlinesI Know You're Gonna be There
54.2%
Tailgates and TanlinesHarvest Time
54.2%
Tailgates and TanlinesI Knew You That Way
54.2%
Crash my PartyBlood Brothers
54.2%
Kill the LightsWay Way Back
54.2%
Tailgates and TanlinesYou Don't Know Jack
50%
Tailgates and TanlinesMuckalee Creek Water
50%
Tailgates and TanlinesFaded Away
50%
Crash my PartyOut Like That
50%
Doing my ThingY'all can Have this Town
45.8%
Tailgates and TanlinesToo Damn Young
45.8%
Tailgates and TanlinesTailgate Blues
45.8%
Tailgates and TanlinesBeen There Done That
45.8%

You're not logged in!

Compare scores with friends on all Sporcle quizzes.
OR
Log In

You Might Also Like...

Show Comments

Extras

Created Jun 4, 2016ReportNominate
Tags:Album Quiz, bryan, luke

Top Quizzes Today


Score Distribution

Your Account Isn't Verified!

In order to create a playlist on Sporcle, you need to verify the email address you used during registration. Go to your Sporcle Settings to finish the process.

Report this User

Report this user for behavior that violates our Community Guidelines.

Details: